MARC

LEADER 00000nam0a2200000 4500
001 364060
005 20231102011642.0
035 |a (RuTPU)RU\TPU\retro\21418 
035 |a RU\TPU\book\322329 
090 |a 364060 
100 |a 20211027d1980 km y0rusy50 ca 
101 0 |a rus 
102 |a BY 
105 |a a z 001zy 
200 1 |a Тектоника областей галокинеза древних платформ  |f В. С. Конищев  |g Академия наук Белорусской ССР (АН БССР), Институт геохимии и геофизики 
210 |a Минск  |c Наука и техника  |d 1980 
215 |a 240 с.  |c ил. 
320 |a Библиогр.: с. 230-239 
606 1 |a Платформы  |x (геология)  |2 stltpush  |3 (RuTPU)RU\TPU\subj\49207  |9 68010 
606 1 |a Галогенные формации  |2 stltpush  |3 (RuTPU)RU\TPU\subj\5469  |9 33540 
610 1 |a тектоника 
610 1 |a галокинез 
610 1 |a древние платформы 
610 1 |a Южно-Американская платформа 
610 1 |a Африкано-Аравийская платформа 
610 1 |a Австралийская платформа 
610 1 |a земная кора 
610 1 |a строение 
610 1 |a структурные комплексы 
610 1 |a соленосные отложения 
610 1 |a нефтегазоносность 
675 |a 551.242.5  |v 4 
675 |a 552.53  |v 4 
700 1 |a Конищев  |b В. С.  |g Виктор Степанович 
712 0 2 |a Академия наук Белорусской ССР (АН БССР)  |b Институт геохимии и геофизики  |2 stltpush  |3 (RuTPU)RU\TPU\col\11735 
801 1 |a RU  |b 63413507  |c 20150605 
801 2 |a RU  |b 63413507  |c 20211027  |g RCR 
942 |c BK